000 nam a22 7a 4500
999 _c7430
_d7430
008 170830b xxu||||| |||| 00| 0 eng d
100 _aIrmscher F. William
_93955
245 _aThe holt Guide to english
250 _a2nd
260 _aUSA
_bHolt, Rinehart,and winston
_c1972